000 00700nam a2200229 i 4500
003 DO-SdBNP
005 20250611142532.0
007 ta
008 250611b1973 dr a|||| |||| 00| 0 spa d
040 _aDO-SdBNP
_bspa
_cBNPHU
_erda
082 4 _axxx
_bxxx
_222
111 2 _a(7 :
_cSanto Domingo, República Domincana)
_d1973 :
_988068
245 0 0 _aTorneo nacional de judo
264 1 _aSanto Domingo :
_bFederación de Judo del Kodokan,
_c1973.
300 _a67 páginas :
_bilustraciones ;
_c23 cm.
336 _atexto
_btxt
_2rdacontent
337 _asin mediación
_bn
_2rdamedia
338 _avolumen
_bnc
_2rdacarrier
590 _aInventariado, 2025/BT
910 _aBtavárez
942 _2ddc
_cLBS1
999 _c59234
_d59234